Mummies, bones & body parts / (Record no. 9823)

MARC details
000 -LEADER
fixed length control field 00970nam a22002897a 4500
001 - CONTROL NUMBER
control field 9823
003 - CONTROL NUMBER IDENTIFIER
control field FISKH
005 - DATE AND TIME OF LATEST TRANSACTION
control field 20260302142559.0
008 - FIXED-LENGTH DATA ELEMENTS--GENERAL INFORMATION
fixed length control field 260302b cb ||||| |||| 00| 0 eng d
020 ## - INTERNATIONAL STANDARD BOOK NUMBER
International Standard Book Number 9780439328890
040 ## - CATALOGING SOURCE
Original cataloging agency FISKH
Language of cataloging eng
Transcribing agency FISKH
Modifying agency FISKH
050 ## - LIBRARY OF CONGRESS CALL NUMBER
Classification number GN293 .W56
082 ## - DEWEY DECIMAL CLASSIFICATION NUMBER
Classification number 599.97
100 ## - MAIN ENTRY--PERSONAL NAME
Personal name Wilcox , Charlotte
245 ## - TITLE STATEMENT
Title Mummies, bones & body parts /
Statement of responsibility, etc. by Charlotte Wilcox
250 ## - EDITION STATEMENT
Edition statement First Scholastic printing , October 2001
260 ## - PUBLICATION, DISTRIBUTION, ETC.
Place of publication, distribution, etc. New York :
Name of publisher, distributor, etc. Scholastic ,
Date of publication, distribution, etc. 2000 .
300 ## - PHYSICAL DESCRIPTION
Extent 64 pages :
Other physical details color illustrations ;
Dimensions 20 X 23cm .
505 ## - FORMATTED CONTENTS NOTE
Formatted contents note Z <br/><br/>
520 ## - SUMMARY, ETC.
Summary, etc. Describes the wide variety of human remains, the use and abuse of them, what they reveal about life in the past, and contemporary attitudes toward the dead.<br/>
521 8# - TARGET AUDIENCE NOTE
Target audience note 900 <br/>
Source Lexile <br/>
521 8# - TARGET AUDIENCE NOTE
Target audience note Z <br/>
Source Raz-Plus <br/>
650 ## - SUBJECT ADDED ENTRY--TOPICAL TERM
Topical term or geographic name entry element History and Leaders
Form subdivision Non-fiction
650 ## - SUBJECT ADDED ENTRY--TOPICAL TERM
Topical term or geographic name entry element Mummies
Form subdivision Non-fiction
942 ## - ADDED ENTRY ELEMENTS (KOHA)
Source of classification or shelving scheme Dewey Decimal Classification
Koha item type Books
Suppress in OPAC No
Holdings
Withdrawn status Lost status Source of classification or shelving scheme Damaged status Not for loan Collection Home library Current library Shelving location Date acquired Total Checkouts Full call number Barcode Date last seen Copy number Price effective from Koha item type
    Dewey Decimal Classification     Non-Fiction Footprints International School Library Network Toul Tom Poung Campus Footprints International School Library Network Toul Tom Poung Campus TTP Secondary Non-Fiction Bookshelves 03/02/2026   WIL 599.97 GN293 .W56 FIS01245 03/02/2026 1 03/02/2026 Books
    Dewey Decimal Classification     Non-Fiction Footprints International School Library Network Toul Tom Poung Campus Footprints International School Library Network Toul Tom Poung Campus TTP Secondary Non-Fiction Bookshelves 03/02/2026   WIL 599.97 GN293 .W56 2026-0279 03/02/2026 2 03/02/2026 Books